Príspevok k problematike bodového hodnotenia trofejí líšky obyčajnej (Vulpes vulpes L.) a jazveca obyčajného (Meles meles L.)

Bibliographic Details
Main Authors: Hell, Pavel, 1930-2009 (Author), Pavle, Ladislav (Author)
Format: Article
Language:Slovak
PhysicalDescription:Res. rus., angl., nem., lit. 16 zázn. v slov., češ., angl., nem., bulh.
Subjects:

MARC

LEADER 00000nab a2200000 a 4500
001 vtls000281416
003 SK-MaSNL
005 20260303190524.0
008 160204c1986 xo 0 slo
015 |a SNBRA19rr/mm-uuuuu 
035 |a CL0291534 
040 |a SNKBUCL  |b slo  |c SNKBUCL  |e AACR2 
041 0 |a slo 
044 |a xo  |c SK 
080 |a 639.113:639.18  |2 1981 
080 |a 639.18  |2 1981 
080 |a 637.64  |2 1981 
080 |a 639.113  |2 1981 
100 1 |a Hell, Pavel,  |d 1930-2009  |4 aut  |9 125123 
245 1 0 |a Príspevok k problematike bodového hodnotenia trofejí líšky obyčajnej (Vulpes vulpes L.) a jazveca obyčajného (Meles meles L.)  |c Pavel Hell, Ladislav Pavle 
300 |b Res. rus., angl., nem., lit. 16 zázn. v slov., češ., angl., nem., bulh. 
650 0 7 |a líška obyčajná  |2 snkbucl  |9 68267 
650 0 7 |a jazvec lesný  |2 snkbucl  |9 106689 
650 0 7 |a poľovnícke trofeje  |2 snkbucl  |9 29369 
655 7 |a články zo zborníkov  |2 snkbucl  |9 166140 
700 1 |a Pavle, Ladislav  |4 aut  |9 1218935 
773 0 |t Folia venatoria 16  |d Bratislava : Príroda, 1986  |g S. 259-274 
850 |a Slovenská národná knižnica v Martine  |a MTA001 
852 |a SNK  |b KIS3GCP 
958 |a NB 
958 |a RK 
992 |a RZB 
999 |c 2136647  |d 2138577